Дело о выкупе земельных наделов временнообязанными крестьянами П.И. Комаровского имения Кочаны Поневежского уезда Ковенской губе...

Доступно только в Электронных читальных залах Найти на картеНа карте
RUSMARC
00003987nmc2a2200000 x 450
0010a24598a-6a8e-49ea-96e4-da7db43cfcf2
00520160109060815.0
100##$a20141215l18661879k l0rusy0189 ca
1010#$arus
102##$aRU
2001#$aДело о выкупе земельных наделов временнообязанными крестьянами П.И. Комаровского имения Кочаны Поневежского уезда Ковенской губернии
$j28 мая 1866 г. - 6 сентября 1879 г.
251##$cДело
300##$aДело
300##$aОриг. заголовок дела: Дело Комаровского П.И. Ковенской губернии Поневежского уезда имения Кочаны. 28 мая 1866 г. - 6 сентября 1879 г
801#0$aRU
$bРГИА
$c20141215
$gRCR
801#1$aRU
$bГлавНИВЦ
$c20141215
$2rusmarc
801#2$aRU
$bПБ им. Б.Н. Ельцина
$c20160109
$gRCR
$2rusmarc
850##$aРГИА
852##$aРГИА
$eФедеральное казенное учреждение "Российский государственный исторический архив" (РГИА)
$j1238
937##$hРГИА
$d11174274
$aASBIBLIO_SCAN
462#0$1001502adf71-6cdd-4b0a-8019-ccd751bf1031
$12001
$aДела Главного выкупного учреждения Министерства финансов по Ковенской губернии
$1251
$cОпись
$1852
$j15
461#0$10018ef30ad5-ff5c-4840-a721-74c62a200f95
$12001
$aГлавное выкупное учреждение Министерства финансов
$1251
$cФонд
$1852
$j577
215##$a15 л.
$d36,5х26 см
371##$aДокумент не является опубликованным и широко распространяемым
105##$ay###
1222#$ad
5171#$aДело Комаровского П.И. Ковенской губернии Поневежского уезда имения Кочаны. 28 мая 1866 г. - 6 сентября 1879 г
035##$a0a24598a-6a8e-49ea-96e4-da7db43cfcf2
Формат отображения